Statistiques concernant Naruto - Le clan Uzumaki

Cliquez ici pour prendre le quiz!

Statistiques générales

  • Ce quiz a été pris 24 fois
  • Le résultat moyen est 9 sur 13

Statistiques - réponses

Réponse% Correct
Boruto Uzumaki
100%
Naruto Uzumaki
95%
Tsunade Senju
95%
Kushina Uzumaki
89%
Nagato Uzumaki
89%
Karin Uzumaki
84%
Himawari Uzumaki
79%
Mito Uzumaki
68%
Nawaki Senju
53%
Menma Namikaze
47%
Menma Uzumaki
47%
Ashina Uzumaki
32%
Fusô Uzumaki
16%

Distribution des résultats

Percentile par nombre de réponses

% des personnes avec chaque résultat

Votre développement - résultats

Vous n’avez pas pris ce quiz